[Event "KAZ-ch Men 2017"]
[Site "Almaty"]
[Date "2017.04.17"]
[Round "7"]
[White "Agmanov, Zhandos"]
[Black "Jumabayev, Rinat"]
[Result "0-1"]
[WhiteElo "2377"]
[BlackElo "2614"]
[Annotator "TA"]
[PlyCount "120"]
[EventDate "2017.??.??"]
[EventType "tourn"]
[EventCountry "KAZ"]
[SourceTitle "playchess.com"]
[Source "ChessBase"]
[SourceQuality "1"]

{[%evp 21,120,0,-5,-8,31,26,24,26,31,26,67,70,60,15,38,0,0,0,0,0,0,0,0,-6,10,10,0,0,9,2,79,72,244,-25,-35,-37,-25,-33,-1,-24,-20,-19,-17,-9,-8,-16,-16,-110,-108,-107,-85,-62,-55,-60,-99,-100,-106,-95,-109,-134,-134,-282,-293,-310,-285,-453,-452,-473,-421,-467,-555,-549,-545,-537,-522,-597,-616,-576,-597,-561,-545,-8726,-7039,-1436,-1087,-29971,-29971,-29963,-10146,-29973,-29975,-29976,-29978,-29978,-29979,-29982,-29983,-29984,-29985,-29985,-29984]} 1. e4 c5 2. Nf3 d6 3. d4 cxd4 4. Nxd4 Nf6 5. Nc3 a6 6. Be2 e5 7. Nb3 Be7 8. O-O O-O 9. Be3 Be6 10. Nd5 Nxd5 11. exd5 Bf5 12. Qd2 {B92: Sicilian Najdorf: 6 Be2} a5 13. f4 exf4 14. Rxf4 {White has an edge.} Bg6 15. Ra4 {[%cal Ra4a5]} b6 16. Nd4 Bf6 17. Bd3 $146 (17. Rc4 Re8 18. Re1 Bxd4 19. Bxd4 Na6 20. Bf3 Rxe1+ 21. Qxe1 Nb4 22. Qg3 b5 23. Rc3 Qf8 24. Bb6 Nxc2 25. Rc6 Qe7 26. Rxd6 Rc8 {½-½ (26) Svidler,P (2650)-Gelfand,B (2665) Tilburg 1996}) 17... Nd7 18. Bxg6 hxg6 19. Nc6 Qc7 20. Bg5 Rfe8 {[%cal Bf8e8,Be8e5,Be5h5][%mdl 32]} 21. Bxf6 Nxf6 ({Not} 21... gxf6 $2 22. Qh6 g5 23. Ra3 $18) 22. Qd3 Qd7 23. Rf1 Re5 24. Rd4 Rh5 25. c4 Ng4 (25... Re8 $11) 26. Rdf4 $16 Rf8 $2 {[#]} (26... f5 $16) 27. Ne7+ $2 ({White must play} 27. Qxg6 $1 $18 {[%mdl 512]} fxg6 28. Rxf8+ Kh7 29. R1f7) 27... Qxe7 $11 28. Rxg4 Re5 29. Qd4 Qc7 30. Rgf4 f5 31. h4 Qc5 32. Qxc5 bxc5 {[%mdl 4096] Endgame KRR-KRR} 33. g4 a4 {[%cal Ba5a4,Ba4a3][%mdl 32]} 34. b3 {[#]} (34. R1f3 $11) 34... a3 $1 $17 35. R1f2 Rf6 36. Kh2 Kf8 37. h5 gxh5 38. gxh5 {[#]} Kg8 $1 39. Kg3 Kh7 40. R4f3 Kh6 41. b4 (41. Kh4 $17) 41... cxb4 $19 42. Rb3 Kxh5 43. Rxb4 (43. Rh2+ $142 Kg5 44. Kf3) 43... g5 44. Rh2+ Kg6 45. Rb8 Re3+ 46. Kf2 f4 47. Rg8+ Kf5 48. Rg2 Rg6 49. Rf8+ Ke4 50. Re8+ Kd3 51. Re6 Rgxe6 52. dxe6 Rxe6 {...Re2+ is the strong threat.} 53. Rxg5 {KR-KR} Re2+ 54. Kf3 Rxa2 55. Rd5+ Kxc4 {Black mates.} 56. Rxd6 Ra1 57. Rc6+ Kb4 58. Rc2 a2 59. Rf2 Kb3 60. Kxf4 Rc1 0-1

[Event "KAZ-ch Men 2017"]
[Site "Almaty"]
[Date "2017.04.17"]
[Round "7"]
[White "Akhmetov, Ayan"]
[Black "Saduakassova, Dinara"]
[Result "1-0"]
[WhiteElo "2311"]
[BlackElo "2449"]
[Annotator "TA"]
[PlyCount "71"]
[EventDate "2017.??.??"]
[EventType "tourn"]
[EventCountry "KAZ"]
[SourceTitle "playchess.com"]
[Source "ChessBase"]
[SourceQuality "1"]

{[%evp 12,71,0,0,22,30,31,27,19,8,26,0,20,-54,277,256,376,350,443,459,417,174,164,166,164,166,166,166,173,156,177,149,153,170,150,145,145,132,158,96,587,579,579,570,29987,837,29988,821,752,730,613,596,1136,1129,29983,29984,29984,29985,29994,29995,29995,29996]} 1. e4 e5 2. Nc3 Nf6 3. g3 Bc5 4. Bg2 Nc6 5. Nge2 d6 6. O-O h5 7. h3 {LiveBook: 3 Games. C26: Vienna Game: 2...Nf6, sidelines} (7. Na4 h4 8. Nxc5 dxc5 9. d3 hxg3 10. Nxg3 Be6 11. Bg5 Qd7 12. Bxf6 gxf6 13. Qf3 O-O-O 14. Qxf6 Rdg8 {0-1 (70) Mamedov,R (2707)-Babujian,L (2471) Al Ain 2014}) 7... Be6 8. Nd5 Qd7 9. Kh2 {White is slightly better.} O-O-O 10. c3 {Black must now prevent Nxf6.} Nxe4 $146 11. Bxe4 Bxh3 {Threatens to win with ...h4.} 12. d4 (12. b4 $1 $11) 12... h4 $2 {[%mdl 8192]} (12... exd4 $1 $15 {keeps the upper hand.} 13. cxd4 Rde8) 13. g4 $1 $18 (13. dxc5 hxg3+ 14. Kg1 f5 $16) 13... Qxg4 {[#]} (13... Bxg4 {was worth a try.} 14. dxc5 f5) 14. Qd3 $1 (14. Nef4 exf4 15. Nxf4 {[#]} (15. dxc5 g5 $14) (15. Qxg4+ Bxg4 16. dxc5 f5 $11) 15... Bxd4 $1 {[%mdl 512]} 16. cxd4 Qxd1 17. Rxd1 Bd7 $14) 14... f5 15. dxc5 (15. Qxh3 Qxe4 16. dxc5 Qxd5 $14) 15... dxc5 16. Rg1 (16. Qxh3 Qxe4 17. Ne3 g6 $18) (16. Rd1 $142) 16... fxe4 (16... Qxe4 17. Qxe4 (17. Qxh3 Rxd5 18. Be3 Kb8 19. Rxg7 f4 $17) 17... fxe4 18. Kxh3 $16) 17. Qxh3 Qxh3+ 18. Kxh3 {Strongly threatening c4.} Rxd5 19. Be3 Ne7 20. c4 (20. Rxg7 $6 Nf5 21. Rg4 Nxe3 22. fxe3 Rd2 $14) 20... Rd3 21. Nc3 ({Worse is} 21. Rxg7 Nf5 22. Rg2 Rf8 $11) 21... Nf5 22. Nxe4 Nxe3 ({Much worse is} 22... b6 23. Rgd1 Rhd8 24. Rxd3 Rxd3 25. Re1 $16) 23. Nxc5 Rd2 24. fxe3 Rxb2 25. Rxg7 ({White should try} 25. Rab1 Rxb1 26. Rxb1) 25... Rf8 $2 {[%mdl 8192] [#]} (25... Re2 $16) 26. Rf1 $1 {[%cal Rf1f8][%mdl 512]} ({Weaker is} 26. Kxh4 Rc2 $18) 26... Rd8 (26... Rxf1 27. Rg8+) 27. Rff7 Rxa2 28. Rxc7+ Kb8 29. Rxb7+ (29. Ne6 $142 Rc8 30. Rxb7+ Ka8 31. Rb1 a6 32. Nc7+ Rxc7 33. Rxc7 Re2 34. c5) 29... Ka8 30. Kxh4 Rc8 31. Rbc7 {[%cal Rc7c8]} Rh8+ 32. Kg3 Rf8 33. Nd7 {White mates.} Re8 {[#]} 34. Nxe5 $1 Ra5 (34... Rxe5 35. Rc8#) 35. Nc6 Rxe3+ 36. Kf4 1-0

[Event "KAZ-ch Men 2017"]
[Site "Almaty"]
[Date "2017.04.18"]
[Round "8"]
[White "Jumabayev, Rinat"]
[Black "Akhmetov, Ayan"]
[Result "1/2-1/2"]
[WhiteElo "2614"]
[BlackElo "2311"]
[Annotator "TA"]
[PlyCount "218"]
[EventDate "2017.??.??"]
[EventType "tourn"]
[EventCountry "KAZ"]
[SourceTitle "playchess.com"]
[Source "ChessBase"]
[SourceQuality "1"]

{[%evp 13,218,32,67,35,26,37,26,44,26,51,59,49,63,54,57,75,78,-16,62,12,16,16,16,16,25,24,25,19,16,15,14,0,0,-20,-20,-22,-23,-28,0,-32,-19,-28,-22,-31,-12,-81,-88,-70,0,-31,-16,-32,-29,-66,-63,-69,-8,-5,0,-30,-31,-29,-23,-59,-8,-14,-14,-14,-14,-17,-14,-17,-16,-12,-10,-31,-11,-25,-8,-8,-7,-21,0,0,0,-7,-8,-8,-8,-7,-8,-8,-8,-44,-44,-52,-45,-57,-31,-68,-68,-66,-57,-57,-57,-57,-57,-57,-57,-57,-57,-57,-57,-57,0,-58,-57,-58,-58,-66,-67,-66,-66,-77,-65,-62,-63,-70,0,-62,-64,-83,-84,-121,-82,-87,-87,-87,-77,-81,-45,-45,-45,-45,-38,-77,-77,-80,-77,-89,-95,-90,0,-77,0,-93,-45,-72,-76,-127,0,-62,-45,-49,0,-62,-49,-95,-94,-98,-46,-49,-31,-82,-31,-31,0,0,0,0,0,0,0,0,8,8,8,8,8,0,8,8,8,0,8,8,8,0,0,0,0,0,0,0,0,0,0]} 1. e4 e6 2. d4 d5 3. Nd2 {[%cal Bb1d2,Bd2f1,Bf1e3][%mdl 32]} Nc6 4. Ngf3 Nf6 5. e5 Nd7 6. Bd3 f6 7. exf6 Qxf6 8. Nf1 {C04: French Tarrasch: 3...Nc6} e5 ({Not} 8... Nxd4 $2 9. Nxd4 Bc5 10. Nf3 $18) 9. Ne3 $1 {[%cal Re3d5]} Nb6 10. dxe5 {White has an edge.} Nxe5 11. Nxe5 Qxe5 12. O-O $1 Bd6 {[%csl Gd6][%cal Re5h2]} 13. f4 Qf6 14. a4 a5 {[#]} 15. f5 $146 (15. Ng4 $1 $16 {[%cal Rg4f6]} Bxg4 16. Qxg4) (15. Qh5+ g6 {1-0 (38) Fedorchuk,S (2650)-Cornette,M (2544) Salou 2011}) 15... O-O (15... h5 $1 $11) 16. Qf3 Bd7 17. Ng4 Qh4 $1 18. g3 Qe7 $1 19. Be3 Bc5 20. Rae1 Bxe3+ (20... Bxa4 $6 21. f6 gxf6 22. Kg2 Bxe3 23. Nxe3 $16) 21. Rxe3 Qc5 22. Rf2 Nc4 23. Bxc4 Rxf5 24. Qd1 Qxc4 25. Rc3 $1 {[%cal Rc3c4]} Qe4 {[#] And now ...d4 would win.} 26. Rxc7 Rd8 {Threatening ...Rg5.} 27. Rxf5 $1 ({Much worse is} 27. Rxb7 d4 28. Rxd7 Rxd7 $17) 27... Bxf5 28. Nf2 Qxa4 29. Qh5 (29. Qe1 $11 {keeps the balance.} Be4 30. Nxe4 dxe4 31. Qc3 Qd4+ 32. Qxd4 Rxd4 33. Rxb7) 29... Rf8 30. Qd1 Be4 (30... d4 $15) 31. c3 (31. Nxe4 $5 {looks sharper.} Qxe4 32. Rxb7 h6 33. Rb3 a4 34. Rb5) 31... Qxd1+ 32. Nxd1 $15 {[%mdl 4096] Endgame KRB-KRN} b6 33. Ne3 Rd8 34. Kf2 d4 (34... h6 $15) 35. cxd4 $11 Rxd4 {aiming for ...Rd2+.} 36. Nc4 Bf5 37. Ke3 Re4+ 38. Kf3 g6 (38... Re6 $15) 39. Nxb6 Rb4 40. Nc4 a4 41. Nd6 Bb1 42. Rc4 Rxb2 43. Rxa4 Rxh2 44. Ra7 Bc2 45. Kf4 Rd2 46. Rd7 {Hoping for Rd8+.} Rg2 47. Kf3 Rh2 48. Ne8 g5 49. Nf6+ Kf8 50. Kg4 h6 {White must now prevent ...Rf2.} 51. Nh7+ Kg8 52. Nf6+ Kh8 53. Kf3 Bg6 54. Rc7 Rd2 55. Ke3 Rd6 (55... Rd8 $5 {creates asymmetry.} 56. Ng4 Re8+ 57. Kf2 h5 58. Ne3 Re5) 56. Ng4 Re6+ 57. Kf2 Bh5 58. Ne3 Rf6+ 59. Kg2 Bf3+ 60. Kg1 Kg8 61. Re7 Kf8 62. Rc7 Be2 63. Rc2 Bf3 (63... Ba6 $15 64. Ng4 Re6) 64. Rc5 (64. Rc7 $1 $11) 64... Be4 65. Re5 Bh7 66. Kg2 Kf7 67. Ng4 Ra6 68. Re2 h5 69. Ne5+ Kf6 70. Nd7+ Kf7 71. Ne5+ $1 Kg7 72. Nf3 Kf6 73. Nd4 Bd3 74. Rf2+ Kg6 {...Be4+ is the strong threat.} 75. Rb2 Be4+ 76. Kf2 Rf6+ 77. Ke3 Bd5 78. Rb5 Rd6 79. Rb8 Ra6 80. Rb5 Bg2 81. Re5 Bh3 82. Rb5 Bg2 83. Re5 $1 Bh3 84. Rb5 $1 Bg4 {Threatens to win with ...Ra3+.} 85. Rb8 Ra3+ 86. Rb3 ({Better is} 86. Ke4) 86... Ra6 (86... Rxb3+ $17 87. Nxb3 Kf6) 87. Rb8 $15 Bd1 88. Kd2 Bg4 89. Ke3 $1 Kf6 90. Rf8+ Kg7 91. Rb8 Rd6 ({Black should play} 91... Ra3+ $17 92. Rb3 Rxb3+ 93. Nxb3 Be6) 92. Rb5 Kf6 93. Rc5 ({White should try} 93. Nf3 $15) 93... Bd7 (93... Ra6 $17 {Strongly threatening ...Ra3+.} 94. Ke4 Bd7) 94. Nf3 g4 95. Nh4 {The position is equal.} Be8 96. Rf5+ Ke6 97. Ra5 Rb6 98. Kf4 Rb4+ 99. Kg5 Rb6 100. Nf5 Kf7 101. Re5 Kf8 102. Nd4 Bf7 103. Rc5 Rg6+ 104. Kh4 Rf6 105. Rc7 Kg7 106. Ne2 Rf5 107. Nf4 Kg8 108. Re7 Kf8 109. Ra7 Kg8 1/2-1/2

[Event "KAZ-ch Men 2017"]
[Site "Almaty"]
[Date "2017.04.18"]
[Round "8"]
[White "Ismagambetov, Anuar"]
[Black "Kazhgaleyev, Murtas"]
[Result "1-0"]
[WhiteElo "2545"]
[BlackElo "2594"]
[Annotator "TA"]
[PlyCount "81"]
[EventDate "2017.??.??"]
[EventType "tourn"]
[EventCountry "KAZ"]
[SourceTitle "playchess.com"]
[Source "ChessBase"]
[SourceQuality "1"]

{[%evp 8,81,57,44,44,54,43,44,30,31,51,36,40,38,33,35,31,44,128,121,121,119,126,117,144,71,71,82,304,307,299,306,212,222,229,217,201,38,525,525,531,543,535,537,515,493,431,218,210,212,475,446,464,398,659,623,711,689,776,769,768,760,735,718,930,928,868,781,1370,1292,5285,5261,29982,29981,29983,29984]} 1. e4 e5 2. Nf3 Nc6 3. Bb5 {[%cal Bf1b5,Bb5a4,Ba4b3][%mdl 32]} a6 4. Ba4 g6 5. c3 Bg7 {C70: Ruy Lopez: 3...a6 4 Ba4, Norwegian and Delayed Schliemann} 6. d4 (6. O-O Nge7 7. d4 b5 8. Bc2 exd4 9. cxd4 d6 10. d5 Na5 11. Nbd2 O-O 12. Rb1 c6 13. dxc6 Naxc6 14. a3 {½-½ (14) Dominguez Perez,L (2739)-Grischuk,A (2737) Doha 2016}) 6... exd4 7. cxd4 b5 {White is slightly better.} 8. Bb3 d6 9. O-O Bg4 {next ...Nxd4 is good for Black.} 10. Be3 $146 (10. Bd5 Qd7 11. Qd3 Bxf3 12. Qxf3 Nxd4 13. Qd3 Nc6 14. Be3 {0-1 (37) Vestaki,U-Iliopoulos,A (2053) Athens 2005}) 10... Na5 11. Nbd2 Nxb3 12. Qxb3 Nf6 (12... Ne7 $14) 13. e5 $16 dxe5 14. dxe5 (14. Nxe5 $6 Be6 15. Qa3 Qd6 $11) 14... Nd5 15. Bc5 Nf4 {[#]} 16. Rad1 ({White should play} 16. Rfd1 $1 Qd3 17. Qb4) 16... Qd5 17. Qe3 Ne6 $2 (17... Bf5 $16 {is a better defense.}) 18. Ne4 $18 Qb7 19. Rfe1 Bxf3 20. gxf3 Rd8 21. Bb4 a5 {Threatens to win with ...Rxd1.} 22. Nc5 $2 $40 {[%mdl 128] Black needs to defend precisely.} ({Don't take} 22. Bxa5 $6 O-O $14) ({White should try} 22. Rxd8+ $18 Kxd8 23. Bxa5) 22... Qb6 $2 {[%mdl 8192]} (22... Qa8 $14 23. Nxe6 fxe6) 23. Nxe6 fxe6 24. Bc5 (24. Rxd8+ Kxd8 25. Qd2+ (25. Bc5 Qb7 $16) 25... Kc8 26. Bxa5 Bh6 27. Qxh6 (27. Bxb6 Bxd2 28. Re2 Bf4 $11) 27... Qxa5 $16) 24... Qc6 25. Rxd8+ Kxd8 26. Rc1 {Black must now prevent Be7+!} Qb7 27. Qd2+ ({Weaker is} 27. Rd1+ Kc8 $14) (27. Qg5+ $142 Kc8 28. Bd6) 27... Kc8 28. Bd6 $1 c6 $2 (28... Rd8 29. Qxa5 Rd7) 29. Qxa5 Bh6 30. Rc2 Rd8 $2 (30... Bg5 31. Qb4 Re8) 31. Qb4 Re8 32. Qe4 Kd7 33. Qh4 Bf8 34. Qxh7+ Kc8 35. Qxg6 {[%cal Rg6e8]} Qd7 {[#]} 36. a4 $1 Bxd6 (36... bxa4 37. Qe4) 37. exd6 Kb8 38. axb5 cxb5 39. Rc5 Rh8 40. Qd3 Qg7+ 41. Kf1 1-0

[Event "KAZ-ch Men 2017"]
[Site "Almaty"]
[Date "2017.04.18"]
[Round "8"]
[White "Kuderinov, Kirill"]
[Black "Saiyn, Zhanat"]
[Result "1/2-1/2"]
[WhiteElo "2482"]
[BlackElo "2395"]
[Annotator "TA"]
[PlyCount "111"]
[EventDate "2017.??.??"]
[EventType "tourn"]
[EventCountry "KAZ"]
[SourceTitle "playchess.com"]
[Source "ChessBase"]
[SourceQuality "1"]

{[%evp 6,111,41,28,69,73,75,81,81,75,83,79,75,18,40,7,10,10,11,0,21,19,21,0,0,0,83,83,83,82,106,95,79,45,54,53,60,65,87,64,204,210,195,197,201,197,189,198,210,202,241,228,502,201,192,190,185,185,188,189,176,177,266,156,154,153,161,134,138,133,138,138,391,383,472,8,8,8,17,0,0,0,0,0,0,0,0,0,0,0,0,0,0,0,0,0,0,0,0,0,0,0,0,0,0,0,0,0]} 1. e4 g6 2. d4 d6 3. Nc3 Bg7 4. h3 {LiveBook: 263 Games} e5 {B06: Modern Defence} (4... Nd7 5. Nf3 e5 6. Be3 Ngf6 7. Qd2 O-O 8. O-O-O Qe7 9. g4 exd4 10. Nxd4 Nxe4 11. Nxe4 Qxe4 12. Rg1 Nb6 13. Bg2 Qe8 {0-1 (31) Vovk,A (2633)-Gareyev,T (2617) chess.com INT 2017}) 5. dxe5 dxe5 6. Qxd8+ Kxd8 {White is better.} 7. Nf3 $146 (7. Bc4 f6 8. f4 Nd7 9. Nf3 h6 10. fxe5 fxe5 11. Be3 c6 12. a4 {1-0 (41) Forcen Esteban,D (2479)-Pop,A (2262) Maribor 2012}) 7... f6 8. Be3 Be6 9. Nd2 (9. O-O-O+ $16 Nd7 10. Bb5) 9... Bh6 $1 $11 10. Bxh6 Nxh6 11. Bc4 Ke7 12. O-O-O Rd8 13. Bxe6 Kxe6 14. Nb3 Na6 15. Na5 b6 (15... Rxd1+ $1 $11 {keeps the balance.} 16. Rxd1 Rb8) 16. Rxd8 $1 $16 Rxd8 17. Nc6 $36 {[%mdl 2048] Black is under strong pressure.} Ra8 18. Rd1 Nf7 19. b4 {[%cal Bb2b4,Bb4b5][%mdl 32]} Nd6 20. f3 Kd7 21. b5 Nb8 22. Nb4 c6 (22... Kc8 $14) 23. a3 $18 a5 24. bxc6+ $1 Nxc6 {[#]} 25. Ncd5 $1 {[%cal Rd5b6]} Rf8 26. Nxb6+ Kc7 27. N4d5+ Kb7 28. Nd7 Rc8 $2 (28... Rf7 {is a better defense.}) 29. Nc5+ (29. N5xf6 Nd4 $14) (29. N5b6 $142) 29... Ka7 {With the idea ...Nd4.} 30. Ne7 Nxe7 31. Rxd6 Rxc5 {[%mdl 4096] Endgame KRN-KR} 32. Rd7+ Kb6 33. Rxe7 {KR-KR} f5 (33... h5 $142 34. h4 g5) 34. Rxh7 ({White should play} 34. exf5 $18 gxf5 35. Rxh7) 34... fxe4 $16 35. fxe4 Rc3 36. Rg7 Rg3 37. h4 {[%cal Bh3h4,Bh4h5][%mdl 32]} Rxg2 38. h5 $1 Kc5 $2 {[%mdl 8192]} (38... g5 $16 39. Re7 Kc5) 39. hxg6 $18 ({Less strong is} 39. Rxg6 Rh2 $16) 39... Kd4 {[#]} 40. Rd7+ $2 ({White has to play} 40. Rg8 $1 $18) 40... Kxe4 $11 {The position is equal.} 41. g7 Kf5 42. c4 Ke6 43. Ra7 Kd6 44. Kd1 Kc5 45. Rxa5+ Kxc4 46. Ra7 {Black must now prevent a4.} e4 $1 47. Ke1 e3 $1 48. Kf1 {Threatening mate with Rc7+.} Rg3 49. Rb7 {aiming for a4.} Kc5 50. Ke2 {Strongly threatening Rd7.} Kc6 51. Re7 {And now Kd3 would win.} Kb5 52. Kd3 {Threatens to win with Rc7.} Kb6 53. a4 Ka6 54. Kc4 e2 55. Re6+ Ka7 56. Rxe2 1/2-1/2

[Event "KAZ-ch Men 2017"]
[Site "Almaty"]
[Date "2017.04.18"]
[Round "8"]
[White "Kostenko, Petr"]
[Black "Saduakassova, Dinara"]
[Result "1-0"]
[WhiteElo "2440"]
[BlackElo "2449"]
[Annotator "TA"]
[PlyCount "91"]
[EventDate "2017.??.??"]
[EventType "tourn"]
[EventCountry "KAZ"]
[SourceTitle "playchess.com"]
[Source "ChessBase"]
[SourceQuality "1"]

{[%evp 12,91,29,31,17,20,18,17,79,81,95,66,142,146,162,155,162,171,133,105,158,145,182,187,177,177,176,176,181,180,241,234,254,266,281,269,282,279,276,272,277,256,326,325,324,314,312,313,305,305,319,281,420,420,429,422,416,394,755,802,810,781,760,757,811,812,811,811,775,779,750,762,773,773,766,754,731,712,697,693,667,659]} 1. e4 c5 2. Nf3 d6 3. d4 cxd4 4. Nxd4 Nf6 5. Nc3 e6 6. Be3 Be7 7. g4 d5 {B81: Sicilian Scheveningen: Keres Attack} (7... h6 8. Qe2 Nc6 9. O-O-O Bd7 10. f4 Nxd4 11. Bxd4 Qa5 12. Rg1 e5 13. Be3 Rc8 14. g5 hxg5 15. fxg5 Nh5 {1-0 (34) Jones,G (2657)-Valsecchi,A (2494) Gjakova 2016}) 8. Bb5+ Bd7 9. exd5 Nxd5 (9... Bxb5 $11 {keeps the balance.} 10. Ndxb5 a6) 10. Nxd5 $16 exd5 11. Bxd7+ Nxd7 $146 {[#]} ({Better is} 11... Qxd7 $14 12. Nf5 O-O) (11... Qxd7 12. Nf5 O-O 13. Qd2 Nc6 14. O-O-O Rfd8 15. Kb1 {0-1 (79) Bures,J (2259)-Petrik,T (2529) Brezova pod Bradlom 2009}) 12. Nf5 $1 $36 {[%mdl 2048] Black is under strong pressure.} O-O 13. Qxd5 {Threatens to win with 0-0-0.} Nf6 14. Qxd8 Bxd8 15. h3 g6 (15... Nd5 $142) 16. Nd6 Ba5+ 17. c3 Bc7 18. O-O-O ({And not} 18. Nxb7 Rfb8 $11) 18... b6 19. Kc2 h5 20. Bg5 Nh7 (20... Bxd6 $142 21. Bxf6 (21. Rxd6 Ne4 $16) 21... Bc5 22. gxh5 Rae8) 21. Bh6 $18 Rfd8 22. Nb5 Be5 23. gxh5 a6 24. f4 Bxf4 25. Bxf4 axb5 26. a3 gxh5 27. Rhg1+ Kh8 28. Be5+ f6 29. Bd4 Rd6 30. Rdf1 Rad8 31. Rf4 Rc6 (31... Rd5 $142 32. Bxf6+ Nxf6) 32. Kb3 Rd5 33. h4 Re6 34. Kb4 Nf8 $2 (34... Re8 35. Bxb6 Rc8) 35. Bxf6+ {White is clearly winning.} Kh7 36. Bd4 {[#] aiming for Rf7+.} Ng6 37. Rf7+ Kh6 38. Bg7+ Kh7 39. Bf6+ Kg8 40. Rg7+ Kf8 41. R7xg6 Kf7 42. Rg7+ Kxf6 43. R1g6+ Kf5 44. Rg5+ Ke4 45. Rxd5 Kxd5 46. Kxb5 1-0

[Event "KAZ-ch Men 2017"]
[Site "Almaty"]
[Date "2017.04.18"]
[Round "8"]
[White "Makhnyov, Denis"]
[Black "Utegaliyev, Azamat"]
[Result "0-1"]
[WhiteElo "2379"]
[BlackElo "2516"]
[Annotator "TA"]
[PlyCount "96"]
[EventDate "2017.??.??"]
[EventType "tourn"]
[EventCountry "KAZ"]
[SourceTitle "playchess.com"]
[Source "ChessBase"]
[SourceQuality "1"]

{[%evp 10,96,0,0,0,15,31,29,36,22,27,21,15,0,47,45,43,43,43,44,50,44,60,52,56,33,27,25,37,20,20,11,20,19,20,18,10,17,47,33,36,28,73,65,85,48,89,79,74,81,75,74,66,52,64,26,23,17,55,35,35,0,54,0,37,0,12,0,10,0,0,0,0,0,0,0,0,0,0,-29966,-1075,-29967,-29969,-29989,-29990,-29997,-29993,-29998,183]} 1. Nf3 Nf6 2. c4 g6 3. b3 Bg7 4. Bb2 O-O 5. e3 d6 6. d4 {LiveBook: 95 Games} Bf5 {E60: King's Indian: Unusual lines and Fianchetto Variation without Nc3} (6... e5 7. dxe5 dxe5 8. Qxd8 Rxd8 9. Bxe5 Nc6 10. Bc3 Ne4 11. Bxg7 Kxg7 12. a3 a5 13. Nbd2 Nc5 14. Be2 {½-½ (42) Bu,X (2699)-Ding,L (2710) China 2014}) 7. Be2 c6 8. O-O a5 $146 {White has an edge.} (8... Qc7 9. Nbd2 Re8 10. Nh4 Bd7 11. e4 e5 12. dxe5 dxe5 13. Qc2 c5 14. Rfe1 Nc6 {½-½ (40) Sorensen,I (2168)-Peiffer,J (1876) Luxembourg 2013}) 9. Nh4 Bc8 10. Nc3 Na6 11. a3 d5 12. Nf3 Bg4 13. h3 Bxf3 14. Bxf3 e6 15. Qc2 Rc8 16. Rad1 Re8 17. h4 Nb8 18. g3 Nbd7 19. e4 dxe4 20. Nxe4 Nxe4 21. Bxe4 h5 22. Bc1 Nf6 23. Bf3 $36 {[%mdl 2048] White has some pressure.} Qe7 24. Qc3 Ra8 25. Rfe1 a4 26. b4 Rac8 27. Bf4 b5 28. Be5 bxc4 29. Qxc4 Nd5 30. Bxg7 Kxg7 31. Rc1 Qf6 32. Bd1 Red8 33. Re4 Qf5 34. Re5 Qf6 $1 35. Re4 Qf5 36. Re5 Qf6 $1 37. Qc5 Ne7 38. Bxa4 Nf5 39. Rd1 Ra8 $1 {[%cal Ra8a4,Bc8a8,Ba8a3,Ba3a1][%mdl 32]} 40. Bxc6 Rxa3 41. Rd2 Ra1+ 42. Kg2 $1 {[#]} ({But not} 42. Kh2 $2 {[#]} Nxd4 $1 {[%mdl 512]} 43. Rde2 Rb1 $19) 42... Nxh4+ $1 {[%mdl 512]} 43. gxh4 Qxh4 44. Re4 $2 {[%mdl 8192]} (44. Qc3 $11 Qh1+ 45. Kg3 Rg1+ 46. Kf4 Qh4+ 47. Ke3) 44... Qh1+ 45. Kg3 Rd5 {Black mates.} 46. Bxd5 g5 {[%cal Ra1g1]} 47. f3 h4+ 48. Kf2 Qg1+ $4 {[%mdl 40960] Loss on time?} (48... Rf1+ {mates} 49. Ke3 Qxf3#) 0-1